Statistics for Panic! at the Disco Songs

Click here to take the quiz!

General Stats

  • This quiz has been taken 2,014 times
    (700 since last reset)
  • The average score is 42 of 90

Answer Stats

Answer% Correct
Death of a Bachelor
89%
Hey Look Ma, I Made It
84%
I Write Sins Not Tragedies
82%
Nine in the Afternoon
76%
The Ballad of Mona Lisa
74%
High Hopes
72%
Lying Is the Most Fun a Girl Can Have Without Taking Her Clothes Off
69%
This Is Gospel
69%
GIrls/Girls/Boys
68%
Say Amen (Saturday Night)
67%
Emperor's New Clothes
66%
Sarah Smiles
66%
Victorious
65%
Don't Threaten Me with a Good Time
64%
Miss Jackson
64%
House of Memories
63%
Viva Las Vengeance
63%
LA Devotee
62%
Nicotine
62%
Camisado
61%
But It's Better If You Do
60%
There's a Good Reason These Tables Are Numbered Honey, You Just Haven't Thought of It Yet
59%
Build God, Then We'll Talk
58%
Vegas Lights
58%
Intermission
57%
The Only Difference Between Martyrdom and Suicide Is Press Coverage
57%
Golden Days
56%
Hallelujah
56%
Northern Downpour
56%
Hurricane
55%
Introduction
55%
Nails for Breakfast, Tacks for Snacks
55%
Impossible Year
53%
Let's Kill Tonight
53%
Nearly Witches (Ever Since We Met...)
53%
Time to Dance
53%
Crazy=Genius
52%
I Constantly Thank God for Esteban
51%
(Fuck a) Silver Lining
50%
Dying in LA
49%
London Beckoned Songs About Money Written by Machines
49%
Mad as Rabbits
49%
The Good, the Bad and the Dirty
49%
Roaring 20s
48%
That Green Gentleman (Things Have Changed)
48%
Memories
47%
Ready to Go (Get Me Out of My Mind)
47%
The Calendar
47%
Collar Full
46%
King of the Clouds
46%
The Overpass
46%
Always
45%
Casual Affair
44%
One of the Drunks
41%
Far Too Young to Die
40%
The End of All Things
39%
We're So Starving
39%
Behind the Sea
38%
When the Day Met the Night
38%
Middle of a Breakup
37%
Trade Mistakes
37%
Sad Clown
36%
She Had the World
36%
Girl That You Love
35%
Old Fashioned
35%
Pas de Cheval
34%
Dancing's Not a Crime
33%
The Piano Knows Something I Don't Know
33%
Folkin' Around
32%
From a Mountain in the Middle of the Cabins
32%
I Have Friends in Holy Spaces
32%
Local God
32%
She's a Handsome Woman
32%
Don't Let the Light Go Out
30%
Oh Glory
28%
Do You Know What I'm Seeing?
27%
Sugar Soaker
27%
God Killed Rock and Roll
26%
Something About Maggie
26%
Do It to Death
25%
Stall Me
25%
Turn Off the Lights
25%
Bittersweet
23%
Kaleidoscope Eyes
23%
Say It Louder
23%
Star Spangled Banger
22%
All by Yourself
20%
All the Boys
20%
I Wanna Be Free
16%
Can't Fight Against the Youth
13%

Score Distribution

Percentile by Number Answered

Percent of People with Each Score

Your Score History

You have not taken this quiz since the last reset